00251nam a22000977a 4500040000800000082002200008100002300030245005100053260002600104300002300130 c333 a333 MAT 1996 C087 aMATHIS WACKERNAGEL aOur ecological footprint reducing human impact aPhnom PenhbMATc1996 a158p.bill.c29cm.